[Event "35. DSenEM 65+"]
[Site "Bad Wildungen"]
[Date "2023.07.23"]
[Round "7.20"]
[White "Haelsig, Guenter"]
[Black "Keller, Harald"]
[Result "0-1"]
[WhiteElo "1894"]
[BlackElo "2040"]
[PlyCount "58"]
[EventDate "2023.??.??"]
[WhiteTeam "USV Potsdam e.V., Abt. Schach"]
[BlackTeam "SV Rottweil"]

1. Nf3 Nf6 2. b3 g6 3. Bb2 Bg7 4. g3 d5 5. d4 O-O 6. Bg2 Ne4 7. Ne5 Nd7 8. f3 Nd6 9. Nd3 Nf5 10. Kf2 Nxd4 11. e3 Nf5 12. Bxg7 Nxg7 13. f4 c6 14. Nd2 f6 15. c4 dxc4 16. Nxc4 Nb6 17. Qc2 Nxc4 18. Qxc4+ Be6 19. Qc3 Qc7 20. h4 Rad8 21. Bf3 h5 22. Rhg1 Kh7 23. g4 hxg4 24. Bxg4 Bxg4 25. Rxg4 Qd7 26. Rag1 Qxd3 27. Qxd3 Rxd3 28. Rxg6 Nh5 29. f5 Rdd8 0-1

[Event "35. DSenEM 65+"]
[Site "Bad Wildungen"]
[Date "2023.07.23"]
[Round "7.21"]
[White "Neumann, Joachim"]
[Black "Steinmacher, Josef"]
[Result "1/2-1/2"]
[WhiteElo "2032"]
[BlackElo "1949"]
[PlyCount "55"]
[EventDate "2023.??.??"]
[WhiteTeam "SC Agon Neumuenster"]
[BlackTeam "SF Bad Mergentheim"]

1. Nf3 Nf6 2. c4 c5 3. d4 cxd4 4. Nxd4 g6 5. Nc3 Bg7 6. e4 d6 7. Be2 O-O 8. Be3 Nc6 9. O-O Bd7 10. h3 Nxd4 11. Bxd4 Bc6 12. f4 a5 13. Bf3 Nd7 14. Bxg7 Kxg7 15. Qd4+ f6 16. Bg4 Nc5 17. e5 Qb6 18. exf6+ Rxf6 19. b3 Raf8 20. Bf3 Bxf3 21. Rxf3 Nd7 22. Qxb6 Nxb6 23. Re3 R8f7 24. g3 Rf5 25. Rae1 Kf8 26. Ne2 e5 27. Re4 Nd7 28. Rd1 1/2-1/2

[Event "35. DSenEM 65+"]
[Site "Bad Wildungen"]
[Date "2023.07.23"]
[Round "7.22"]
[White "Prause, Dieter"]
[Black "Galow, Wolfgang Paul"]
[Result "1/2-1/2"]
[WhiteElo "1779"]
[BlackElo "2018"]
[PlyCount "112"]
[EventDate "2023.??.??"]
[WhiteTeam "Schachklub Delbrueck"]
[BlackTeam "FC Bayern Muenchen e.V."]

1. e4 e6 2. d4 d5 3. Nc3 dxe4 4. Nxe4 Nd7 5. Bd3 Ngf6 6. Bg5 Be7 7. Nxf6+ Bxf6 8. Bxf6 Qxf6 9. c3 c5 10. Ne2 O-O 11. O-O cxd4 12. cxd4 Nb6 13. Rc1 Bd7 14. Be4 Nd5 15. Qb3 Bc6 16. a3 Nf4 17. Nxf4 Bxe4 18. Ne2 Qg5 19. f3 Bd5 20. Qc3 Rfd8 21. Qe1 Rac8 22. Rxc8 Rxc8 23. Nc3 Bc4 24. Qc1 Qxc1 25. Rxc1 Rd8 26. Rd1 Bb3 27. Rd2 Kf8 28. Kf2 Ke7 29. Ke3 h6 30. h4 a6 31. f4 Kd6 32. Ne4+ Ke7 33. Nc5 Bd5 34. g3 Ra8 35. Na4 Bc6 36. Nb6 Rd8 37. Rc2 f5 38. b4 Kf6 39. Rc5 g5 40. hxg5+ hxg5 41. Nc4 gxf4+ 42. gxf4 Rg8 43. Ne5 Bd5 44. Rc3 Rg3+ 45. Kd2 Rxc3 46. Kxc3 Ke7 47. Nc4 Kd7 48. a4 b5 49. axb5 axb5 50. Ne5+ Kd6 51. Nf7+ Ke7 52. Ne5 Bg2 53. d5 Bxd5 54. Kd4 Kd6 55. Nf7+ Ke7 56. Ne5 Kd6 1/2-1/2

[Event "35. DSenEM 65+"]
[Site "Bad Wildungen"]
[Date "2023.07.23"]
[Round "7.23"]
[White "Paus, Franz"]
[Black "Hilbig, Dieter"]
[Result "1-0"]
[WhiteElo "2014"]
[BlackElo "1830"]
[PlyCount "89"]
[EventDate "2023.??.??"]
[WhiteTeam "Schachfuechse Kempen 1986 e. V."]
[BlackTeam "ESV Gera"]

1. d4 d5 2. c4 e6 3. Nc3 Nf6 4. Bg5 Be7 5. Nf3 Nbd7 6. Qc2 a6 7. cxd5 exd5 8. e3 h6 9. Bh4 O-O 10. Bd3 c6 11. O-O Nh5 12. Bxe7 Qxe7 13. g4 Nhf6 14. h3 Ne8 15. Rae1 Nd6 16. e4 dxe4 17. Nxe4 Nxe4 18. Bxe4 Qf6 19. Re3 Nb6 20. Ne5 Be6 21. Rf3 Qh4 22. Rg3 Rad8 23. Nf3 Qf6 24. g5 hxg5 25. Rxg5 Qh6 26. h4 Bd5 27. Kh2 Bxe4 28. Qxe4 Rd5 29. Rfg1 Rxg5 30. Rxg5 Qd6+ 31. Kg1 Nd5 32. Qg4 Qh6 33. Ne5 Nf6 34. Qg2 Rd8 35. Nf3 Rxd4 36. Qg3 Rd8 37. Qc7 Rd7 38. Qc8+ Kh7 39. Rg3 g6 40. h5 Kg7 41. hxg6 fxg6 42. Ne5 Qc1+ 43. Kg2 Rd4 44. Rxg6+ Kh7 45. Qh3+ 1-0

[Event "35. DSenEM 65+"]
[Site "Bad Wildungen"]
[Date "2023.07.23"]
[Round "7.24"]
[White "Polster, Wolfgang"]
[Black "Kube, Hannelore"]
[Result "1-0"]
[WhiteElo "2223"]
[BlackElo "1916"]
[PlyCount "65"]
[EventDate "2023.??.??"]
[WhiteTeam "SV 03/25 Koblenz"]
[BlackTeam "SV Medizin Erfurt"]

1. c4 c5 2. Nc3 Nc6 3. g3 g6 4. Bg2 Bg7 5. Nf3 Nf6 6. O-O O-O 7. d3 d6 8. Bd2 h6 9. Rb1 Be6 10. a3 d5 11. cxd5 Nxd5 12. Qc1 Na5 13. Nxd5 Nb3 14. Nxe7+ Qxe7 15. Qc2 Nxd2 16. Nxd2 Rac8 17. Rfe1 Rfd8 18. d4 b6 19. Nc4 Rd7 20. b3 h5 21. h4 Rcd8 22. Nd2 Rxd4 23. Bf1 R4d7 24. Nf3 Bg4 25. Ng5 Bh6 26. Ne4 f5 27. Qc4+ Kh7 28. Ng5+ Bxg5 29. hxg5 Rd4 30. Qc1 f4 31. gxf4 Qd7 32. Kh2 Qf5 33. e4 1-0

[Event "35. DSenEM 65+"]
[Site "Bad Wildungen"]
[Date "2023.07.23"]
[Round "7.25"]
[White "Brock, Friedemann"]
[Black "Rache, Ralf"]
[Result "1/2-1/2"]
[WhiteElo "2175"]
[BlackElo "1910"]
[PlyCount "88"]
[EventDate "2023.??.??"]
[WhiteTeam "TSG 1861 Taucha"]
[BlackTeam "Aachener Schachverein 1856 e. V."]

1. d4 Nf6 2. c4 g6 3. Nc3 d5 4. cxd5 Nxd5 5. e4 Nxc3 6. bxc3 Bg7 7. Bg5 c5 8. Rc1 cxd4 9. cxd4 O-O 10. Nf3 Bg4 11. d5 Qd6 12. Qd2 Nd7 13. Bf4 Ne5 14. Nd4 Rac8 15. Rxc8 Rxc8 16. h3 Bd7 17. Be2 e6 18. dxe6 Bxe6 19. Nxe6 Qxd2+ 20. Kxd2 fxe6 21. Rc1 Rxc1 22. Kxc1 Kf7 23. Be3 a6 24. f4 Nc6 25. e5 g5 26. g3 gxf4 27. gxf4 Ne7 28. Bh5+ Ng6 29. Kc2 Ke7 30. Kd3 Kd7 31. Ke4 Ne7 32. Bg4 b5 33. Bc5 Bh8 34. h4 Bg7 35. h5 h6 36. f5 exf5+ 37. Bxf5+ Nxf5 38. Kxf5 Ke8 39. e6 Bc3 40. Be3 b4 41. Bxh6 a5 42. Bg5 a4 43. Bc1 b3 44. axb3 axb3 1/2-1/2

[Event "35. DSenEM 65+"]
[Site "Bad Wildungen"]
[Date "2023.07.23"]
[Round "7.26"]
[White "Zimmermann, Manfred"]
[Black "Rosen, Willy"]
[Result "0-1"]
[WhiteElo "1888"]
[BlackElo "2100"]
[Annotator "hugo5"]
[PlyCount "94"]
[EventDate "2023.??.??"]
[WhiteTeam "Kieler Schachgesellschaft v.1884"]
[BlackTeam "Schachfreunde Essen-Katernberg"]

{[%evp 0,94,21,24,44,14,37,32,64,38,39,36,42,15,43,20,13,14,9,0,7,8,10,0,-3,-13,-14,-29,-24,-42,-36,-38,-25,-43,-30,-39,-33,-39,-52,-71,-62,-54,-46,-63,-26,-45,-36,-33,-36,-37,-45,-27,-22,-63,-59,-59,-74,-32,-43,-61,-59,-75,-51,-70,-40,-60,-46,-105,-101,-130,-122,-69,-82,-109,-34,-69,-62,-66,-59,-150,-150,-430,-336,-387,-414,-431,-440,-448,-458,-466,-468,-475,-502,-502,-515,-512,-489]} 1. d4 Nf6 2. Bf4 d6 3. e3 g6 4. Nf3 Bg7 5. Be2 O-O 6. O-O h6 7. Nbd2 Nh5 8. Bg3 Nxg3 9. hxg3 Nd7 10. c3 e5 11. dxe5 Nxe5 12. Nxe5 Bxe5 13. Bf3 Be6 14. Qc2 c6 15. Rad1 Qc7 16. b3 Rfd8 17. c4 a5 18. Be4 Bg7 19. a4 Qb6 20. Bd3 Rac8 21. Be2 Be5 22. Kh2 h5 23. Nf3 Bf6 24. Rd2 Kg7 25. Rfd1 d5 26. c5 Qc7 27. Kg1 Rh8 28. Nd4 Qe7 29. Bf3 Bg4 30. Kf1 Be5 31. Ke2 f5 32. Kd3 Rce8 33. Re2 h4 34. gxh4 Rxh4 35. g3 Rh2 36. Rde1 Bb8 37. Bxg4 Qe4+ 38. Kc3 Qxg4 39. f3 Qxg3 40. f4 Rxe2 41. Rxe2 Rxe3+ 42. Kb2 Qxf4 43. Ne6+ Rxe6 44. Rxe6 Be5+ 45. Ka3 Kf7 46. Rxe5 Qxe5 47. Ka2 f4 0-1

[Event "35. DSenEM 65+"]
[Site "Bad Wildungen"]
[Date "2023.07.23"]
[Round "7.27"]
[White "Dierkes, Heinrich"]
[Black "Krueger, Norbert"]
[Result "0-1"]
[WhiteElo "1786"]
[BlackElo "1971"]
[PlyCount "38"]
[EventDate "2023.??.??"]
[WhiteTeam "SK Koenigsspringer Wewelsburg"]
[BlackTeam "Ratinger Schachklub 1950"]

1. e3 e5 2. Nf3 e4 3. Nd4 d5 4. a4 Nf6 5. Be2 Bd6 6. f4 exf3 7. Nxf3 O-O 8. b3 Bg4 9. Bb2 Nbd7 10. O-O c6 11. Qe1 Ne4 12. Nc3 Qe7 13. Rd1 Rae8 14. Nxe4 dxe4 15. Nd4 Bxe2 16. Nf5 Qg5 17. Nxd6 Bxf1 18. Qxf1 Re6 19. Nxb7 Rb8 0-1

[Event "35. DSenEM 65+"]
[Site "Bad Wildungen"]
[Date "2023.07.23"]
[Round "7.28"]
[White "Bischoff, Ulrich"]
[Black "Seidel, Arnold"]
[Result "0-1"]
[WhiteElo "1912"]
[BlackElo "1906"]
[PlyCount "164"]
[EventDate "2023.??.??"]
[WhiteTeam "Sfr. Erbach"]
[BlackTeam "SV Kali Wolmirstedt"]

1. d4 d5 2. c4 dxc4 3. Nf3 c5 4. e3 cxd4 5. Bxc4 Nc6 6. exd4 e6 7. O-O Nf6 8. Nc3 Be7 9. a3 O-O 10. Re1 a6 11. Bf4 b5 12. Ba2 b4 13. Na4 bxa3 14. bxa3 Bxa3 15. Nc5 Nxd4 16. Ne4 Nb5 17. Nxf6+ Qxf6 18. Bg5 Qf5 19. Bb1 Qc5 20. Qd3 f5 21. Ba2 Bb2 22. Rab1 Bf6 23. Rbc1 Qd6 24. Qxd6 Nxd6 25. h4 Re8 26. Bxf6 gxf6 27. Nd4 Kg7 28. Rc6 Nb5 29. Nxf5+ Kg6 30. Ne3 Bd7 31. Rb6 Reb8 32. Nc4 Nc3 33. Bb3 Nd5 34. Bc2+ Kg7 35. Rd6 Rd8 36. Be4 Bb5 37. Rxd8 Rxd8 38. Ne3 Nxe3 39. Rxe3 f5 40. Bf3 Kf6 41. Rc3 Rd4 42. g3 Rd3 43. Rxd3 Bxd3 44. Bd1 Bb5 45. f4 a5 46. Kf2 a4 47. Ke3 e5 48. fxe5+ Kxe5 49. Kd2 a3 50. Bb3 Bc6 51. Kc3 Bd5 52. Bc2 Be4 53. Bb3 Bb1 54. Bd1 a2 55. Kb2 Ke4 56. h5 Ke3 57. h6 Kf2 58. g4 f4 59. g5 Kg3 60. Bh5 Kh4 61. g6 Bf5 62. gxh7 Bxh7 63. Bf3 Bb1 64. Bd5 Kg5 65. Bxa2 Bh7 66. Bd5 Kxh6 67. Kc3 Kg5 68. Kd2 Kg4 69. Ke2 Kg3 70. Bc6 Bf5 71. Bd5 Bg4+ 72. Ke1 Bh3 73. Ke2 Bg2 74. Bc4 Be4 75. Bb5 Kg2 76. Ba6 Kh1 77. Bb5 Bg2 78. Be8 f3+ 79. Kd2 f2 80. Bb5 Bf1 81. Bd7 Ba6 82. Bh3 Bc8 0-1

[Event "35. DSenEM 65+"]
[Site "Bad Wildungen"]
[Date "2023.07.23"]
[Round "7.29"]
[White "Vasiljev, Jurij"]
[Black "Fleischer, Matthias"]
[Result "1/2-1/2"]
[WhiteElo "1953"]
[BlackElo "1849"]
[PlyCount "118"]
[EventDate "2023.??.??"]
[WhiteTeam "Schachfreunde Moers e. V."]
[BlackTeam "SF Schwerin"]

1. c4 Nf6 2. Nc3 g6 3. g3 Bg7 4. Bg2 c6 5. Nf3 d6 6. d4 Nbd7 7. O-O O-O 8. Qc2 Re8 9. e4 e5 10. dxe5 dxe5 11. b4 Nf8 12. h3 Be6 13. Na4 b5 14. cxb5 cxb5 15. Nc5 Bc4 16. Rd1 Qe7 17. Bb2 N6d7 18. Nb7 Rec8 19. Nd6 Rc6 20. Qd2 Bh6 21. Qxh6 Rxd6 22. Rd2 Rxd2 23. Qxd2 f6 24. a4 Nb6 25. axb5 Bxb5 26. Qc3 Rc8 27. Qa3 Rc7 28. Bf1 Kg7 29. Nd2 Bxf1 30. Nxf1 Nc4 31. Qb3 Nxb2 32. Qxb2 Rb7 33. Ne3 Qd7 34. Kg2 Ne6 35. Nd5 Ng5 36. Qe2 Qxh3+ 37. Kg1 Qd7 38. Ra6 Ne6 39. Qg4 Nc5 40. Qxd7+ Nxd7 41. Kf1 Kf7 42. Ke2 Nb6 43. Nxb6 axb6 44. Kd3 b5 45. Ke3 f5 46. exf5 gxf5 47. Rh6 Kg7 48. Re6 f4+ 49. Ke4 fxg3 50. fxg3 Rc7 51. Rxe5 Rc4+ 52. Kf5 Rxb4 53. Re7+ Kg8 54. Kf6 h5 55. Rg7+ Kh8 56. Rg5 Rd4 57. Rxh5+ Kg8 58. Rh3 Rb4 59. Kf5 Kg7 1/2-1/2

[Event "35. DSenEM 65+"]
[Site "Bad Wildungen"]
[Date "2023.07.23"]
[Round "7.30"]
[White "Lehr, Thomas"]
[Black "Josting, Friedel"]
[Result "1-0"]
[WhiteElo "1937"]
[BlackElo "1795"]
[PlyCount "79"]
[EventDate "2023.??.??"]
[WhiteTeam "Husumer SV von 1898"]
[BlackTeam "Schachgemeinschaft Buende 1945"]

1. e4 c5 2. Nf3 e6 3. d4 cxd4 4. Nxd4 a6 5. c4 Nc6 6. a3 Bc5 7. Nxc6 bxc6 8. Bd3 d6 9. Qe2 e5 10. Nc3 h6 11. Be3 Bxe3 12. Qxe3 Nf6 13. O-O O-O 14. b4 Rb8 15. Rab1 Bd7 16. Be2 Qb6 17. Rfd1 Qxe3 18. fxe3 Bg4 19. Rxd6 Bxe2 20. Nxe2 Nxe4 21. Rxc6 a5 22. Ng3 Nxg3 23. hxg3 Rfd8 24. Rc5 axb4 25. axb4 f6 26. b5 Rb6 27. Rc7 Rdb8 28. Rd1 R6b7 29. Rdd7 Rxc7 30. Rxc7 Kf8 31. Kf2 e4 32. Ke2 g5 33. Rc6 Ke7 34. b6 h5 35. c5 f5 36. Rc7+ Ke6 37. b7 h4 38. c6 Rd8 39. Rc8 Ke7 40. Rxd8 1-0

[Event "35. DSenEM 65+"]
[Site "Bad Wildungen"]
[Date "2023.07.23"]
[Round "7.31"]
[White "Zilch, Lothar"]
[Black "Tuertmann, Dieter"]
[Result "1/2-1/2"]
[WhiteElo "1825"]
[BlackElo "1953"]
[PlyCount "80"]
[EventDate "2023.??.??"]
[WhiteTeam "SV Alsfeld"]
[BlackTeam "ESV 1949 Eberswalde e.V."]

1. c4 e6 2. d4 a6 3. Nc3 Bb4 4. e4 d6 5. Bd3 e5 6. d5 Bxc3+ 7. bxc3 h6 8. Ne2 b6 9. O-O Nf6 10. f4 exf4 11. Bxf4 Nbd7 12. Nd4 Ne5 13. Bxe5 dxe5 14. Nc6 Qd6 15. Qf3 O-O 16. Qg3 Nd7 17. Nb4 a5 18. Nc2 Nc5 19. Rf2 f6 20. Raf1 Bd7 21. Ne1 Rf7 22. Qe3 Raf8 23. Nf3 Kh7 24. Nh4 Rg8 25. Be2 g6 26. h3 Qe7 27. Kh2 Rgf8 28. g4 g5 29. Nf5 Bxf5 30. Rxf5 Nd7 31. R5f2 Rd8 32. Bd1 Kg7 33. Bb3 Nc5 34. Bd1 Rff8 35. Kg2 Rd6 36. Rb2 Rh8 37. Rh1 Rdd8 38. Qf3 Qd6 39. Rf2 Rdf8 40. Rhf1 Rf7 1/2-1/2

[Event "35. DSenEM 65+"]
[Site "Bad Wildungen"]
[Date "2023.07.23"]
[Round "7.33"]
[White "Allgaier, Erik"]
[Black "Clemens, Christian"]
[Result "0-1"]
[WhiteElo "1925"]
[BlackElo "2225"]
[PlyCount "73"]
[EventDate "2023.??.??"]
[WhiteTeam "Schachclub Hans Clauert Trebbin"]
[BlackTeam "SC Braunschweig Gliesmarode 1869"]

1. c4 f5 2. g3 Nf6 3. Bg2 e6 4. e3 Be7 5. Nc3 O-O 6. d4 d6 7. b4 c5 8. a3 Nc6 9. Rb1 cxd4 10. exd4 e5 11. d5 Nd4 12. Nge2 f4 13. Nxf4 Bf5 14. Rb2 Rc8 15. Ne6 Nxe6 16. dxe6 Rxc4 17. Nd5 Nxd5 18. Bxd5 Bg4 19. f3 Rd4 20. Qxd4 exd4 21. fxg4 Kh8 22. Rc2 Bf6 23. Rf1 h6 24. Ke2 Qe8 25. h3 Qb5+ 26. Bc4 Qe5+ 27. Kd1 d5 28. Re2 Qd6 29. Bf4 Qc6 30. Bd3 Re8 31. b5 Qc3 32. Rf3 Qa1+ 33. Bc1 Rc8 34. Bc2 Bg5 35. Rd2 d3 36. Rfxd3 Qf6 37. Re3 0-1

[Event "35. DSenEM 65+"]
[Site "Bad Wildungen"]
[Date "2023.07.23"]
[Round "7.34"]
[White "Wulf, Adalbert"]
[Black "Boeven, Manfred"]
[Result "0-1"]
[WhiteElo "1833"]
[BlackElo "2007"]
[PlyCount "72"]
[EventDate "2023.??.??"]
[WhiteTeam "Schachverein Ennigerloh-Oelde"]
[BlackTeam "Schachfreunde Geilenkirchen 1984"]

1. d3 d5 2. c3 e5 3. Qc2 f5 4. e4 Nf6 5. Bg5 c6 6. Nd2 h6 7. Bxf6 Qxf6 8. Be2 Bc5 9. Bf3 Be6 10. Nb3 Bb6 11. h4 Na6 12. a4 dxe4 13. Be2 exd3 14. Bxd3 Bxb3 15. Qxb3 Nc5 16. Qc2 Nxd3+ 17. Qxd3 Rd8 18. Qc2 Qe6 19. a5 Bc7 20. Ne2 O-O 21. b4 Qc4 22. Qa2 Qxa2 23. Rxa2 Rd3 24. f3 e4 25. Kf2 e3+ 26. Ke1 Rfd8 27. Ra1 Be5 28. Rc1 Rd2 29. f4 Bf6 30. g3 Ra2 31. Rh2 Rdd2 32. Rg2 Rac2 33. Rxc2 Rxc2 34. Kf1 Bxc3 35. Nxc3 Rxc3 36. Rb2 e2+ 0-1

[Event "35. DSenEM 65+"]
[Site "Bad Wildungen"]
[Date "2023.07.23"]
[Round "7.35"]
[White "Krien, Hartmut"]
[Black "Pundt, Wilfried"]
[Result "1-0"]
[WhiteElo "1943"]
[BlackElo "1822"]
[PlyCount "63"]
[EventDate "2023.??.??"]
[WhiteTeam "Schachklub Heidenau"]
[BlackTeam "SK Bremen-Nord"]

1. e4 e5 2. Nf3 Nc6 3. Bb5 a6 4. Ba4 Nf6 5. O-O Nxe4 6. Re1 Nc5 7. Bxc6 dxc6 8. Nxe5 Be7 9. d4 Nd7 10. Qe2 Nxe5 11. Qxe5 Be6 12. c3 Bf6 13. Qg3 O-O 14. Nd2 Bh4 15. Qe5 Bd5 16. c4 Qd7 17. Qh5 Rae8 18. Rf1 Bxg2 19. Kxg2 Bf6 20. Nb3 Re4 21. Be3 Rg4+ 22. Kh1 g6 23. Qa5 b6 24. Qd2 Qf5 25. f3 Rh4 26. Rae1 c5 27. Bh6 Rd8 28. Qe3 Qd7 29. d5 Bg7 30. Bg5 Bd4 31. Nxd4 cxd4 32. Qe7 1-0

[Event "35. DSenEM 65+"]
[Site "Bad Wildungen"]
[Date "2023.07.23"]
[Round "7.36"]
[White "Schubert, Hans-Joachim"]
[Black "Schumacher, Ursula"]
[Result "1/2-1/2"]
[WhiteElo "1534"]
[BlackElo "1531"]
[PlyCount "70"]
[EventDate "2023.??.??"]
[WhiteTeam "Schachgruppe Rochade Disteln"]
[BlackTeam "Bad Neuenahr"]

1. d4 c6 2. Nf3 d5 3. Bf4 h6 4. h3 e6 5. e3 Nf6 6. Be2 Be7 7. a3 Nbd7 8. b4 a6 9. Nbd2 b5 10. c3 Bb7 11. O-O O-O 12. Nb3 Ne4 13. Qc2 Rc8 14. Bd3 Ndf6 15. Nbd2 Nxd2 16. Nxd2 Bd6 17. Bxd6 Qxd6 18. Nf3 g6 19. Ne5 Ne4 20. Bxe4 dxe4 21. Qxe4 f5 22. Qc2 Kg7 23. Rfd1 Qd5 24. Re1 c5 25. f3 cxd4 26. exd4 Qxd4+ 27. Kh1 Rxc3 28. Qd1 Qxd1 29. Rexd1 Bd5 30. Nd3 Ra8 31. Nc5 Kf6 32. a4 a5 33. axb5 axb4 34. Rxa8 Bxa8 35. Nd7+ Ke7 1/2-1/2

[Event "35. DSenEM 65+"]
[Site "Bad Wildungen"]
[Date "2023.07.23"]
[Round "7.37"]
[White "Dolezal, Hans-Peter"]
[Black "Plewka, Manfred"]
[Result "1-0"]
[WhiteElo "1815"]
[BlackElo "1915"]
[PlyCount "111"]
[EventDate "2023.??.??"]
[WhiteTeam "FC Bayern Muenchen e.V."]
[BlackTeam "SV VHS Rendsburg"]

1. e4 c5 2. Nf3 e6 3. d4 cxd4 4. Nxd4 Bc5 5. Be3 Qb6 6. Nc3 Qxb2 7. Na4 Bb4+ 8. Ke2 Qa3 9. c3 Bxc3 10. Nxc3 Qxc3 11. Rc1 Qa5 12. Rxc8+ Ke7 13. Qb3 b6 14. Kf3 h5 15. Nb5 h4 16. Qa3+ Qxa3 17. Nxa3 d6 18. Bb5 a6 19. Bc6 Ra7 20. Rxb8 Rc7 21. Rxb6 Nf6 22. Rxa6 Rhc8 23. Bb5 d5 24. exd5 Nxd5 25. Re1 f6 26. Ra7 Rxa7 27. Bxa7 Rc3+ 28. Re3 Nxe3 29. fxe3 Kf7 30. Nc4 Rc2 31. a4 h3 32. gxh3 Rxh2 33. Kg3 Rh1 34. Bc5 Rg1+ 35. Kf2 Rg5 36. Nd6+ Kg6 37. Be8+ Kh7 38. Ne4 Re5 39. a5 Rxe4 40. a6 Rc4 41. a7 Rc2+ 42. Kf3 Ra2 43. Bc6 g6 44. a8=Q Rxa8 45. Bxa8 Kg7 46. Kg4 e5 47. Bc6 Kf7 48. Bd5+ Kg7 49. Be7 g5 50. Kf5 g4 51. hxg4 Kh6 52. Bxf6 Kh7 53. Bxe5 Kh6 54. g5+ Kh7 55. g6+ Kh6 56. g7 1-0

[Event "35. DSenEM 65+"]
[Site "Bad Wildungen"]
[Date "2023.07.23"]
[Round "7.38"]
[White "Wolff, Stefan"]
[Black "Zechel, Rolf-Ruediger"]
[Result "1-0"]
[WhiteElo "1906"]
[BlackElo "1731"]
[PlyCount "51"]
[EventDate "2023.??.??"]
[WhiteTeam "SchVgg Blankenese von 1923 e.V."]
[BlackTeam "SK Kaltenkirchen"]

1. c4 Nf6 2. Nc3 c5 3. Nf3 b6 4. d4 cxd4 5. Nxd4 Bb7 6. Bg5 e6 7. e4 d6 8. f3 Be7 9. Qd2 Nbd7 10. Be2 a6 11. O-O O-O 12. Bd1 Rc8 13. b3 Qc7 14. Rc1 Qb8 15. Bc2 Bd8 16. g4 Bc7 17. Qf2 h6 18. Be3 d5 19. cxd5 exd5 20. exd5 Nxd5 21. Nxd5 Bxd5 22. Nf5 Rce8 23. Qd2 Nf6 24. Bxh6 Bxh2+ 25. Kh1 Nxg4 26. Qg5 1-0

[Event "35. DSenEM 65+"]
[Site "Bad Wildungen"]
[Date "2023.07.23"]
[Round "7.39"]
[White "Schwarz, Hans"]
[Black "Wenske, Hardy"]
[Result "1/2-1/2"]
[WhiteElo "1855"]
[BlackElo "1710"]
[PlyCount "40"]
[EventDate "2023.??.??"]
[WhiteTeam "SV Rochade Magdeburg 96"]
[BlackTeam "Kieler SG von 1884"]

1. e4 d5 2. exd5 Qxd5 3. Nc3 Qd8 4. Nf3 Nf6 5. d4 Bg4 6. Be2 e6 7. h3 Bxf3 8. Bxf3 c6 9. O-O Be7 10. Re1 O-O 11. Ne2 Nbd7 12. Ng3 Re8 13. c3 Qc7 14. a4 Rad8 15. b4 Nf8 16. Qb3 Ng6 17. Bg5 Nd5 18. Bxe7 Rxe7 19. Re4 Nf6 20. Re3 Nd5 1/2-1/2

[Event "35. DSenEM 65+"]
[Site "Bad Wildungen"]
[Date "2023.07.23"]
[Round "7.40"]
[White "Launert, Martin"]
[Black "Peter, Volkhard"]
[Result "1-0"]
[WhiteElo "1849"]
[BlackElo "1707"]
[PlyCount "69"]
[EventDate "2023.??.??"]
[WhiteTeam "Sfr. Erbach"]
[BlackTeam "SV Einheit Schwerin"]

1. e4 e5 2. Bc4 Nf6 3. d3 Bb4+ 4. Nc3 O-O 5. h3 c6 6. Qf3 Be7 7. a4 a5 8. Nge2 d6 9. Ng3 Be6 10. O-O d5 11. exd5 cxd5 12. Bb5 Nc6 13. Bxc6 bxc6 14. Nf5 Qd7 15. Nxe7+ Qxe7 16. Bg5 h6 17. Bh4 g5 18. Bg3 Nd7 19. Qe2 f6 20. Rfe1 Qg7 21. Kh2 Bf5 22. Qd2 h5 23. f3 g4 24. Rg1 Kf7 25. d4 Qh7 26. Bh4 exd4 27. Qxd4 gxf3 28. gxf3 Ne5 29. Qf4 Rg8 30. Ne2 c5 31. Ng3 Ke6 32. Rae1 Rae8 33. c4 d4 34. Ne4 Nd3 35. Qd6+ 1-0

[Event "35. DSenEM 65+"]
[Site "Bad Wildungen"]
[Date "2023.07.23"]
[Round "7.41"]
[White "Dorn, Hans-Juergen"]
[Black "Blosze, Winfried"]
[Result "1-0"]
[WhiteElo "1729"]
[BlackElo "1845"]
[PlyCount "129"]
[EventDate "2023.??.??"]
[WhiteTeam "Schachclub Bayer Uerdingen 1923"]
[BlackTeam "SV Koenigsspr. 1929 Grossauheim"]

1. d4 Nf6 2. Nf3 g6 3. e3 Bg7 4. Bd3 c5 5. c3 cxd4 6. exd4 O-O 7. O-O d6 8. Bg5 Bg4 9. h3 Be6 10. Nbd2 Qb6 11. Qc2 Nbd7 12. Rfe1 Rfe8 13. Nc4 Qc7 14. Ne3 Nf8 15. Nd2 a6 16. Ne4 Nd5 17. Nxd5 Bxd5 18. Ng3 Rac8 19. Qd2 e5 20. dxe5 dxe5 21. Bxg6 Nxg6 22. Qxd5 h6 23. Be3 Rcd8 24. Qe4 Qc6 25. Qxc6 bxc6 26. Nf5 h5 27. Rad1 Rd5 28. Rd2 Ra5 29. b3 e4 30. Nxg7 Kxg7 31. Red1 Re6 32. a4 Ne7 33. Rd6 Nf5 34. Rxe6 Nxe3 35. fxe3 fxe6 36. Rd6 Rd5 37. Rxe6 Rd3 38. Rxc6 Rxe3 39. Kf2 Rd3 40. Ke2 Rg3 41. Kf2 h4 42. Rc4 e3+ 43. Ke2 Rxg2+ 44. Kxe3 Rg3+ 45. Kf2 Rxh3 46. Kg2 Rd3 47. b4 h3+ 48. Kh2 Kf7 49. b5 axb5 50. axb5 Ke6 51. b6 Rd2+ 52. Kxh3 Rd8 53. Kg3 Rb8 54. Rb4 Kd5 55. Kf4 Kc5 56. Ke4 Re8+ 57. Kd3 Rb8 58. b7 Rd8+ 59. Ke4 Re8+ 60. Kf5 Rb8 61. Ke6 Kc6 62. Ke7 Rxb7+ 63. Rxb7 Kxb7 64. Kd6 Kc8 65. Kc6 1-0

[Event "35. DSenEM 65+"]
[Site "Bad Wildungen"]
[Date "2023.07.23"]
[Round "7.42"]
[White "Hartstock, Elmar"]
[Black "Berger, Volkmar"]
[Result "1-0"]
[WhiteElo "1831"]
[BlackElo "1698"]
[PlyCount "79"]
[EventDate "2023.??.??"]
[WhiteTeam "SC Ansbach 1855 e.V."]
[BlackTeam "Schachclub Senioren Cottbus"]

1. c4 e6 2. d4 Nf6 3. g3 Bb4+ 4. Bd2 Bxd2+ 5. Nxd2 d5 6. e3 O-O 7. Bg2 dxc4 8. Nxc4 Na6 9. Ne2 Rb8 10. O-O b6 11. Nc3 Nb4 12. Ne5 Bb7 13. e4 Nc6 14. Nxc6 Bxc6 15. Re1 b5 16. d5 exd5 17. Nxd5 Nxd5 18. exd5 Ba8 19. Qb3 a6 20. Rad1 Qd6 21. Rd2 Rbd8 22. Qe3 c6 23. Qe7 cxd5 24. Qxd6 Rxd6 25. Re7 Re6 26. Re2 Rxe2 27. Rxe2 d4 28. Bxa8 Rxa8 29. Rd2 Rd8 30. Kf1 h5 31. Ke2 g5 32. Kd3 f5 33. Rc2 Rd5 34. b4 f4 35. Rc5 fxg3 36. fxg3 Rxc5 37. bxc5 Kf7 38. Kxd4 Ke6 39. Ke4 a5 40. h4 1-0

[Event "35. DSenEM 65+"]
[Site "Bad Wildungen"]
[Date "2023.07.23"]
[Round "7.43"]
[White "Wagner, Guenter"]
[Black "Lekakh, Mikhail"]
[Result "1/2-1/2"]
[WhiteElo "1709"]
[BlackElo "1804"]
[PlyCount "48"]
[EventDate "2023.??.??"]
[WhiteTeam "SV 1946 Gross-Gerau"]
[BlackTeam "Oberbilker Schachverein 1960"]

1. Nf3 Nf6 2. g3 b6 3. Bg2 Bb7 4. O-O a5 5. b3 g6 6. Bb2 Bg7 7. c4 Nh5 8. Bxg7 Nxg7 9. Nc3 f5 10. d4 e6 11. Rc1 O-O 12. d5 Na6 13. e3 Qe7 14. Nd4 Nc5 15. Ncb5 Qd8 16. dxe6 Bxg2 17. Kxg2 dxe6 18. Nc6 Qe8 19. Ne5 Qc8 20. Qf3 Ne4 21. Rcd1 Ne8 22. Rd7 c6 23. Na7 Rxa7 24. Rxa7 N8f6 1/2-1/2

[Event "35. DSenEM 65+"]
[Site "Bad Wildungen"]
[Date "2023.07.23"]
[Round "7.44"]
[White "Meinke, Dietlind"]
[Black "Jacob, Karl-Heinz"]
[Result "1-0"]
[WhiteElo "1793"]
[BlackElo "1687"]
[PlyCount "80"]
[EventDate "2023.??.??"]
[WhiteTeam "MTV Leck von 1889"]
[BlackTeam "SG 1951 Sonneberg"]

1. d4 f5 2. Bf4 Nf6 3. e3 e6 4. Nf3 Be7 5. Nbd2 O-O 6. h3 d5 7. c3 c6 8. g4 Ne4 9. Be2 Nd7 10. Rg1 Ndf6 11. Ne5 Nxd2 12. Qxd2 Ne4 13. Qc1 Bg5 14. Nf3 Bxf4 15. exf4 fxg4 16. hxg4 Qf6 17. Rg2 Bd7 18. Ne5 Rad8 19. Nd3 Qh4 20. Bf3 Qh1+ 21. Ke2 Qxc1 22. Rxc1 g6 23. Ke3 Nd6 24. b3 Rf7 25. Rh1 Kg7 26. Rg3 Rh8 27. Ne5 Re7 28. Rgh3 Be8 29. Be2 Nf7 30. Bd3 Nxe5 31. fxe5 Bd7 32. Rh6 Be8 33. f4 Bf7 34. f5 exf5 35. gxf5 Ree8 36. f6+ Kg8 37. Kf4 Re6 38. Kg5 Re8 39. R6h2 b6 40. b4 c5 1-0